000 00998nam a2200253 i 4500
001 187376
003 ES-MaACL
005 20260304122901.0
008 170628s1909 sp |||| | spa d
080 _a821.134.2-95"18"
100 1 _aValera, Juan,
_d1824-1905
_9112638
245 1 0 _aCrítica literaria :
_b(1857-1860) /
_cJuan Valera.
260 _a[Madrid :
_bs.n.],
_c1909 (
_fImp. Alemana)
300 _a328 p. ;
_c17 cm.
490 1 _aObras completas ;
_v20
505 8 _aContiene: La Señora Ristori ; Obras poéticas del Marqués de Molins ; Poesías de D. Francisco Zea ; Sobre la historia de la literatura española en la Edad Media ; Revista de teatros
530 _aDisponible en formato digital.
650 _aLiteratura-
_xHistoria y crítica.
_914489
830 1 _aObras completas ;
_v20
_9176447
852 _aES-MaACL
_jB-2865
_cSPB
856 4 _uhttp://bdh-rd.bne.es/viewer.vm?id=0000201266&page=1
_yBiblioteca Digital Hispánica
942 _2udc
999 _c187376
_d187376